00371nam a2200109Ia 4500008004100000100002400041245005400065500008000119650003800199942000700237999001700244181011s9999 xx 000 0 und d aErnest W.Talibuddin 0aReflections on a Pastoral Ministry in a Plurastic aThe Bulletin of the Henry Martyn Institute of Islamic Studies Jan-June 1996 aInterfaith Relations and Dialogue cBR c21884d21884